000 00592nam a22002173a 4500
005 20210219154015.0
008 010531s2000 mx fr 000 0 spa d
020 _a9706514554
035 _aUPN01000116477
049 _aCG
050 4 _aTX551
_bM4.38
100 1 _aMérien, Desiré
245 1 4 _aLas claves de la nutrición /
_cDésire Mérien ; tr. Rosa Solá.
260 _aMéxico :
_bOcéano de México,
_cc2000
300 _a156 p.
440 0 _aMandragora alimentación natural.
650 4 _aNUTRICION -
_vMANUALES.
901 _a184885
902 _aCAA/npd
905 _aLibro
999 _c89214
_d89214